Southville International School and Colleges
Your cart is empty.
  • Cart
  • Lists
    Public lists Eva Luna New books Lux_list list_1
    Your lists Log in to create your own lists
  • Log in to your account
  • Your cookies
  • Search history
Southville International School and Colleges
  • Advanced search
  • Recent comments
  • Most popular
  • Libraries

Log in to your account

Log in with GOOGLE


If you do not have an external account, but do have a local account, you can still log in:

  1. Home
  2. MARC view: Modern paper finishing :
Normal view MARC view ISBD view

Modern paper finishing : (Record no. 9962)

[ view plain ]
MARC details
000 -LEADER
fixed length control field 00573nam a22001817a 4500
003 - CONTROL NUMBER IDENTIFIER
control field OSt
005 - DATE AND TIME OF LATEST TRANSACTION
control field 20140310182148.0
008 - FIXED-LENGTH DATA ELEMENTS--GENERAL INFORMATION
fixed length control field 130830t xxu||||| |||| 00| 0 eng d
020 ## - INTERNATIONAL STANDARD BOOK NUMBER
International Standard Book Number 087930202X
050 ## - LIBRARY OF CONGRESS CALL NUMBER
Classification number TS 1118
Item number .Ev92 1988
082 ## - DEWEY DECIMAL CLASSIFICATION NUMBER
Classification number HS 676
Item number Ev1 1988
245 ## - TITLE STATEMENT
Title Modern paper finishing :
Remainder of title new equipment and operations techniques /
Statement of responsibility, etc planned and edited by John C.W. Evans.
260 ## - PUBLICATION, DISTRIBUTION, ETC. (IMPRINT)
Place of publication, distribution, etc California :
Name of publisher, distributor, etc Miller Freeman publications, Inc,
Date of publication, distribution, etc 1988
300 ## - PHYSICAL DESCRIPTION
Extent 176 p. ;
Other physical details ill. ;
Dimensions 23 cm.
650 ## - SUBJECT ADDED ENTRY--TOPICAL TERM
Topical term or geographic name as entry element Pulp and paper technology
9 (RLIN) 15626
942 ## - ADDED ENTRY ELEMENTS (KOHA)
Source of classification or shelving scheme Library of Congress Classification
Holdings
Withdrawn status Lost status Source of classification or shelving scheme Damaged status Home library Current library Shelving location Date acquired Total Checkouts Full call number Barcode Date last seen Copy number Price effective from Koha item type
    Library of Congress Classification   Luxembourg Library Luxembourg Library High School Section 08/30/2013   TS 1118 .Ev92 1988 3368 05/27/2015 1 08/30/2013 Books

Modern paper finishing :

APA

(1988). Modern paper finishing. California: Miller Freeman publications, Inc.

Chicago

1988. Modern paper finishing. California: Miller Freeman publications, Inc.

Harvard

(1988). Modern paper finishing. California: Miller Freeman publications, Inc.

MLA

Modern paper finishing. California: Miller Freeman publications, Inc. 1988.

  • Place hold
  • Print
  • Cite
  • Add to your cart (remove)
  • Save record
    BIBTEX Dublin Core MARCXML MARC (non-Unicode/MARC-8) MARC (Unicode/UTF-8) MARC (Unicode/UTF-8, Standard) MODS (XML) RIS
  • More searches
    Search for this title in:
    Other Libraries (WorldCat) Other Databases (Google Scholar) Online Stores (Bookfinder.com) Open Library (openlibrary.org)

Exporting to Dublin Core...

SOUTHVILLE LIBRARY

Southville International School and Colleges Library

1281 Tropical Ave. Cor. Luxembourg St., BF Homes International, Las Pinas City

Tel. No. 8256374 / 252358 Loc. 117/146

Powered by Koha